Planning and design of airports / (Record no. 553588)

000 -LEADER
fixed length control field 00737cam a2200205 a 4500
020 ## - INTERNATIONAL STANDARD BOOK NUMBER
International Standard Book Number 9780071446419 (alk. paper)
082 00 - DEWEY DECIMAL CLASSIFICATION NUMBER
Classification number 629.136
Author Mark HOR
-- MCE
100 ## - MAIN ENTRY--PERSONAL NAME
Personal name Horonjeff, Robert
9 (RLIN) 13581
245 00 - TITLE STATEMENT
Title Planning and design of airports /
Statement of responsibility, etc. Robert Horonjeff ... [et al.].
250 ## - EDITION STATEMENT
Edition statement 5th ed.
260 ## - PUBLICATION, DISTRIBUTION, ETC.
Place of publication, distribution, etc. New York :
Name of publisher, distributor, etc. McGraw-Hill,
Date of publication, distribution, etc. 2010.
300 ## - PHYSICAL DESCRIPTION
Extent xvii, 670 p. :
Other physical details ill., maps, charts ;
Dimensions 24 cm.
500 ## - GENERAL NOTE
General note Rev. ed. of: Planning and design of airports / Robert Horonjeff, Francis X. McKelvey. 1994.
526 ## - STUDY PROGRAM INFORMATION NOTE
Program name 0
Interest level 0
Reading level 0
Title point value 629_136000000000000_HOR
526 ## - STUDY PROGRAM INFORMATION NOTE
Program name 0
Interest level 0
Reading level 0
650 #0 - SUBJECT ADDED ENTRY--TOPICAL TERM
Topical term or geographic name entry element Airports
General subdivision Design and construction.
9 (RLIN) 19584
650 #0 - SUBJECT ADDED ENTRY--TOPICAL TERM
Topical term or geographic name entry element Airports
General subdivision Planning.
9 (RLIN) 7047
700 1# - ADDED ENTRY--PERSONAL NAME
Personal name Horonjeff, Robert.
9 (RLIN) 13581
942 ## - ADDED ENTRY ELEMENTS (KOHA)
Source of classification or shelving scheme
Koha item type Book
Holdings
Withdrawn status Lost status Source of classification or shelving scheme Damaged status Not for loan Permanent Location Current Location Date acquired Total Checkouts Full call number Barcode Date last seen Date last checked out Price effective from Koha item type
          Military College of Engineering (MCE) Military College of Engineering (MCE) 02/01/2016 1 629.136 HOR MCE-24221 11/27/2019 04/09/2019 02/01/2016 Book
          Military College of Engineering (MCE) Military College of Engineering (MCE) 08/21/2015 1 629.136 HOR MCE-24209 11/05/2020 11/05/2020 03/14/2021 Book
© 2023 Central Library, National University of Sciences and Technology. All Rights Reserved.